[Event "117th YMCA Winter-B"]
[Site "Warszawa"]
[Date "2013.02.06"]
[Round "5"]
[White "Kadzinski, Wieslaw"]
[Black "Melchers, Damian"]
[Result "1-0"]
[WhiteElo "1972"]
[BlackElo "1963"]
[PlyCount "63"]
[EventDate "2013.01.09"]
[EventType "tourn"]
[EventRounds "1"]
[EventCountry "POL"]
[SourceDate "2013.01.07"]

1. e4 c5 2. Nf3 Nc6 3. d4 cxd4 4. Nxd4 e6 5. Nb5 Nf6 6. N1c3 d6 7. Bf4 e5 8.
Bg5 a6 9. Na3 Be7 10. Nc4 Be6 11. Bxf6 gxf6 12. Ne3 Qa5 13. Be2 Nd4 14. O-O f5
15. exf5 Nxf5 16. Bg4 Nxe3 17. fxe3 Qc5 18. Kh1 Qxe3 19. Nd5 Bxd5 20. Qxd5 Rf8
21. Qxb7 Qa7 22. Qc6+ Kd8 23. Rad1 f6 24. Rxd6+ Bxd6 25. Qxd6+ Ke8 26. Bh5+ Rf7
27. Rxf6 Rd8 28. Bxf7+ Qxf7 29. Qxd8+ Kxd8 30. Rxf7 e4 31. Kg1 e3 32. Kf1 1-0

[Event "117th YMCA Winter-B"]
[Site "Warszawa"]
[Date "2013.02.07"]
[Round "5"]
[White "Rozycki, Bartlomiej"]
[Black "Szwaj, Jacek"]
[Result "1/2-1/2"]
[WhiteElo "2011"]
[BlackElo "1915"]
[Annotator "Admin"]
[PlyCount "78"]
[EventDate "2013.01.09"]
[EventType "tourn"]
[EventRounds "1"]
[EventCountry "POL"]
[SourceDate "2013.01.07"]

1. e4 c5 2. Nf3 d6 3. Bb5+ Bd7 4. Bxd7+ Qxd7 5. c4 Nc6 6. d4 cxd4 7. Nxd4 g6 8.
O-O Bg7 9. Be3 Nf6 10. Nc3 Ng4 11. Rc1 Nxe3 12. fxe3 O-O 13. Nd5 Ne5 14. b3 b6
$11 15. a4 Rfc8 16. Rc2 Rab8 17. Qe1 a6 18. Qh4 Rb7 19. Rcf2 Rf8 20. a5 bxa5
21. Ra2 e6 22. Nf6+ Bxf6 23. Qxf6 Nc6 24. Rf3 Nxd4 25. exd4 a4 26. Rxa4 Rxb3
27. Rxa6 Rb1+ 28. Rf1 Rfb8 29. Ra1 Rxa1 30. Rxa1 Qc7 31. Rc1 Qa5 32. Qf4 Qb4
33. Qe3 Qb2 34. Qc3 Qe2 35. Re1 Rb3 36. Qc1 $11 Qd3 37. d5 Rc3 38. Qf4 Qxc4 39.
Rf1 f5 $11 1/2-1/2

[Event "117th YMCA Winter-B"]
[Site "Warszawa"]
[Date "2013.02.13"]
[Round "6"]
[White "Mokrzanowski, Andrzej"]
[Black "Rozowski, Marcin"]
[Result "1/2-1/2"]
[WhiteElo "1957"]
[BlackElo "1905"]
[PlyCount "68"]
[EventDate "2013.01.09"]
[EventType "tourn"]
[EventRounds "1"]
[EventCountry "POL"]
[SourceDate "2013.01.07"]

1. d4 d5 2. c4 c6 3. Nc3 e6 4. Nf3 dxc4 5. a4 Bb4 6. g3 Nf6 7. Bg2 O-O 8. O-O
Nbd7 9. Qc2 Qe7 10. Na2 Bd6 11. Qxc4 e5 12. Qc2 Re8 13. Nc3 exd4 14. Nxd4 Be5
15. Nf5 Qb4 16. Bd2 Qg4 17. Bf3 Qg6 18. Ne3 Nb6 19. Qxg6 hxg6 20. a5 Bxc3 21.
Bxc3 Nbd5 22. Nxd5 Nxd5 23. Bd2 a6 24. Rfd1 Be6 25. Kg2 Nf6 26. Bg5 Kf8 27. Rd4
Red8 28. Rad1 Ke8 29. R1d2 Rxd4 30. Rxd4 Rd8 31. Rf4 Nd5 32. Rh4 Nf6 33. Rf4
Nd5 34. Rh4 Nf6 1/2-1/2

[Event "117th YMCA Winter-B"]
[Site "Warszawa"]
[Date "2013.02.22"]
[Round "6"]
[White "Szwaj, Jacek"]
[Black "Sujkowski, Pawel"]
[Result "1/2-1/2"]
[WhiteElo "1915"]
[BlackElo "2014"]
[Annotator "Admin"]
[PlyCount "33"]
[EventDate "2013.01.09"]
[EventType "tourn"]
[EventRounds "1"]
[EventCountry "POL"]
[SourceDate "2013.01.07"]

1. e4 c5 2. Nf3 Nc6 3. d4 cxd4 4. Nxd4 g6 5. c4 Nf6 6. Nc3 d6 7. Be2 Nxd4 8.
Qxd4 Bg7 9. Qd3 O-O 10. O-O Be6 11. Be3 Qa5 12. Bd4 Rfc8 13. b3 Nd7 14. Bxg7
Kxg7 15. Nd5 Bxd5 16. exd5 Qc7 17. Qd4+ $11 1/2-1/2

[Event "117th YMCA Winter-B"]
[Site "Warszawa"]
[Date "2013.02.14"]
[Round "6"]
[White "Melchers, Damian"]
[Black "Rozycki, Bartlomiej"]
[Result "1/2-1/2"]
[WhiteElo "1963"]
[BlackElo "2011"]
[Annotator "Admin"]
[PlyCount "108"]
[EventDate "2013.01.09"]
[EventType "tourn"]
[EventRounds "1"]
[EventCountry "POL"]
[SourceDate "2013.01.07"]

1. e4 Nf6 2. Nc3 e5 3. Nf3 Nc6 4. Bb5 Bd6 5. O-O O-O 6. d4 exd4 7. Nxd4 Nxd4 8.
Qxd4 Qe7 9. Bg5 Bxh2+ 10. Kh1 Qd6 11. Bxf6 gxf6 12. Qe3 Bf4 13. Qf3 c6 14. Rad1
Qe5 15. Bd3 d6 16. g3 Bh6 17. Kg2 Qg5 18. Be2 f5 $11 19. Rxd6 Bg7 20. Rh1 Be6
21. Rh5 Qe7 22. Rd1 fxe4 23. Nxe4 h6 24. Qf4 Rae8 25. Bd3 Bd5 26. f3 Bxe4 27.
Bxe4 Qf6 28. Qg4 Re5 29. c3 Rxh5 30. Qxh5 Rd8 31. Qh1 Kf8 32. Qe1 $11 Rxd1 33.
Qxd1 Ke8 34. Qd3 Bf8 35. Qe3 Kd8 36. Qxa7 Kc7 37. Qa5+ Kb8 38. Qb6 Be7 39. a4
Bd8 40. Qc5 Bc7 41. a5 Qg5 42. Qxg5 hxg5 43. a6 bxa6 44. Bxc6 a5 45. Kh3 f6 46.
Kg4 Bd6 47. f4 gxf4 48. gxf4 Kc7 49. Bd5 Kb6 50. Kf5 Kc5 51. Bf7 Bc7 52. Ke4
Bd6 53. Bg8 Bc7 54. Bf7 Bd6 1/2-1/2

[Event "117th YMCA Winter-B"]
[Site "Warszawa"]
[Date "2013.02.13"]
[Round "6"]
[White "Bernacki, Gabriel"]
[Black "Kadzinski, Wieslaw"]
[Result "1-0"]
[WhiteElo "1896"]
[BlackElo "1972"]
[Annotator "Admin"]
[PlyCount "77"]
[EventDate "2013.01.09"]
[EventType "tourn"]
[EventRounds "1"]
[EventCountry "POL"]
[SourceDate "2013.01.07"]

1. d4 Nf6 2. c4 c5 3. d5 e5 4. Nc3 d6 5. e4 Be7 6. Nf3 O-O 7. Bd3 a6 8. O-O Ne8
9. a3 g6 10. b4 Nd7 11. Qc2 Ng7 12. Bh6 b6 13. Na4 Rb8 14. Rab1 b5 $11 15. cxb5
axb5 16. Nc3 c4 17. Be2 Nf6 18. a4 bxa4 19. Nxa4 Bd7 20. Bxc4 Bxa4 21. Qxa4
Nxe4 22. Qc2 f5 23. Nxe5 dxe5 24. d6+ Kh8 25. dxe7 Qxe7 26. f3 Nd6 27. Rfc1
Rfc8 28. Qe2 f4 29. Bxg7+ Kxg7 30. b5 Nf5 31. Bd3 Nd4 32. Qb2 Qd6 $11 33. Rxc8
Rxc8 34. b6 Qc5 35. Kh1 Kh6 36. b7 Rb8 37. Be4 Nf5 38. Qb6 Qd6 39. Bxf5 1-0

[Event "117th YMCA Winter-B"]
[Site "Warszawa"]
[Date "2013.02.13"]
[Round "6"]
[White "Zurkowski, Andrzej"]
[Black "Barc, Michal"]
[Result "1-0"]
[WhiteElo "2005"]
[BlackElo "1870"]
[PlyCount "61"]
[EventDate "2013.01.09"]
[EventType "tourn"]
[EventRounds "1"]
[EventCountry "POL"]
[SourceDate "2013.01.07"]

1. d4 d5 2. Nf3 Nf6 3. Nbd2 e6 4. e3 c5 5. b3 Nc6 6. Bb2 Bd6 7. Bd3 cxd4 8.
exd4 O-O 9. O-O Qc7 10. Re1 Nb4 11. Qe2 Nxd3 12. Qxd3 Bd7 13. c4 dxc4 14. bxc4
Rfe8 15. Ne5 Rad8 16. Qe3 Bc8 17. Rac1 Qa5 18. Nb3 Qc7 19. h3 Nd7 20. Nd3 b6
21. c5 bxc5 22. dxc5 Be7 23. Bc3 Bb7 24. c6 Qxc6 25. Qg3 g6 26. Ba5 Qa4 27.
Bxd8 Bxd8 28. Ndc5 Nxc5 29. Nxc5 Qb5 30. a4 Qb4 31. Qb8 1-0

[Event "117th YMCA Winter-B"]
[Site "Warszawa"]
[Date "2013.02.13"]
[Round "6"]
[White "Gluszko, Monika"]
[Black "Rusin, Ryszard"]
[Result "1-0"]
[WhiteElo "1942"]
[BlackElo "1892"]
[PlyCount "89"]
[EventDate "2013.01.09"]
[EventType "tourn"]
[EventRounds "1"]
[EventCountry "POL"]
[SourceDate "2013.01.07"]

1. e4 e5 2. Nf3 Nf6 3. Nxe5 d6 4. Nf3 Nxe4 5. Nc3 Nxc3 6. dxc3 Be7 7. Bf4 Nc6
8. Qd2 Bf5 9. O-O-O a6 10. Bc4 O-O 11. h3 Na5 12. Bd3 Bxd3 13. Qxd3 Qd7 14. Kb1
Bf6 15. g4 g6 16. g5 Bg7 17. h4 Qa4 18. Bc1 Qc4 19. h5 Qxd3 20. cxd3 Nc6 21. d4
Rfe8 22. Rh4 Ne7 23. Rdh1 Nf5 24. R4h3 Re4 25. Nd2 Re2 26. f4 Rae8 27. Nc4 b5
28. Na5 c5 29. h6 Bh8 30. dxc5 dxc5 31. Rd3 b4 32. cxb4 cxb4 33. Rhd1 f6 34.
Rd8 fxg5 35. fxg5 Kf7 36. Nc6 Rxd8 37. Rxd8 Be5 38. Nxe5+ Rxe5 39. Rh8 Re1 40.
Rxh7+ Ke6 41. Ra7 Nd4 42. Rxa6+ Kd5 43. Ra8 Ne2 44. Rc8 Ke6 45. h7 1-0

[Event "117th YMCA Winter-B"]
[Site "Warszawa"]
[Date "2013.02.20"]
[Round "7"]
[White "Rusin, Ryszard"]
[Black "Mokrzanowski, Andrzej"]
[Result "1-0"]
[WhiteElo "1892"]
[BlackElo "1957"]
[PlyCount "75"]
[EventDate "2013.01.09"]
[EventType "tourn"]
[EventRounds "1"]
[EventCountry "POL"]
[SourceDate "2013.01.07"]

1. d4 e6 2. c4 f5 3. Nf3 Nf6 4. Bg5 Bb4+ 5. Nc3 O-O 6. e3 b6 7. Qb3 Qe7 8. Be2
Bb7 9. O-O Bxc3 10. bxc3 d6 11. c5 Kh8 12. cxd6 cxd6 13. a4 Nc6 14. h3 Rac8 15.
Rfc1 Na5 16. Qb4 Qc7 17. c4 Nc6 18. Qb2 Qb8 19. Bf4 Rce8 20. c5 e5 21. Bh2 dxc5
22. dxc5 Nd7 23. cxb6 axb6 24. Bb5 Qa8 25. Qe2 Nc5 26. Ra3 f4 27. Qb2 Re7 28.
exf4 exf4 29. Bxc6 Bxc6 30. Qxb6 Bxf3 31. Qxc5 Rfe8 32. gxf3 Re1+ 33. Rxe1
Rxe1+ 34. Kg2 Qe8 35. Bxf4 Qg6+ 36. Bg3 h5 37. Qb4 Rd1 38. Qe4 1-0

[Event "117th YMCA Winter-B"]
[Site "Warszawa"]
[Date "2013.02.20"]
[Round "7"]
[White "Barc, Michal"]
[Black "Gluszko, Monika"]
[Result "1-0"]
[WhiteElo "1870"]
[BlackElo "1942"]
[PlyCount "111"]
[EventDate "2013.01.09"]
[EventType "tourn"]
[EventRounds "1"]
[EventCountry "POL"]
[SourceDate "2013.01.07"]

1. d4 Nf6 2. Nf3 g6 3. c4 Bg7 4. Nc3 d5 5. e3 O-O 6. Be2 c5 7. cxd5 Nxd5 8. O-O
Nc6 9. Nxd5 Qxd5 10. dxc5 Qxc5 11. Qa4 a6 12. Rd1 b5 13. Qh4 f5 14. a4 Bf6 15.
Ng5 Bxg5 16. Qxg5 b4 17. Bf3 Ra7 18. Bd2 Ne5 19. Be2 Be6 20. e4 Nf7 21. Qe3
Qxe3 22. Bxe3 Raa8 23. exf5 Bxf5 24. Bc5 a5 25. Bb5 Rfc8 26. Bxe7 Ne5 27. Bf6
Nc4 28. Rac1 Nb6 29. Rxc8+ Rxc8 30. Rd8+ Kf7 31. Rxc8 Nxc8 32. Bd8 Nd6 33. Ba6
Ke6 34. Bxa5 b3 35. Kf1 Kd5 36. Ke2 Bd7 37. Kd3 Bxa4 38. Bb4 Bc6 39. Bxd6 Kxd6
40. f3 Kc5 41. Kc3 Bd5 42. Be2 g5 43. g3 h5 44. Bd1 h4 45. f4 gxf4 46. gxf4 Be6
47. Bxb3 Bxb3 48. Kxb3 Kd4 49. Ka4 Ke4 50. b4 Kxf4 51. b5 Kg4 52. b6 Kh3 53. b7
Kxh2 54. b8=Q+ Kg2 55. Qg8+ Kf3 56. Qg1 1-0

[Event "117th YMCA Winter-B"]
[Site "Warszawa"]
[Date "2013.02.25"]
[Round "7"]
[White "Kadzinski, Wieslaw"]
[Black "Zurkowski, Andrzej"]
[Result "0-1"]
[WhiteElo "1972"]
[BlackElo "2005"]
[Annotator "Admin"]
[PlyCount "72"]
[EventDate "2013.01.09"]
[EventType "tourn"]
[EventRounds "1"]
[EventCountry "POL"]
[SourceDate "2013.01.07"]

1. e4 d5 2. exd5 Qxd5 3. Nc3 Qd6 4. d4 Nf6 5. Bc4 a6 6. Nf3 b5 7. Bd3 Bb7 8.
O-O Nbd7 9. Re1 e6 10. Ng5 Be7 11. Be3 O-O 12. Nce4 Qc6 13. f3 h6 14. Nxf6+
Nxf6 15. Ne4 Nd5 16. Bd2 Qb6 17. c3 e5 18. Ng3 exd4 19. Kh1 dxc3 20. bxc3 Bh4
21. Nf5 Qf6 22. Be4 Rad8 23. Qc2 Bxe1 24. Rxe1 Rfe8 25. Qc1 c6 26. a4 Bc8 27.
Ng3 Qh4 28. c4 bxc4 29. Qxc4 Qf6 30. Rc1 Ne7 31. Bc3 Qe6 32. Qb4 Nd5 33. Qb2
Nxc3 34. Qxc3 Qe5 35. Qxc6 f5 36. f4 Qa5 $138 0-1

[Event "117th YMCA Winter-B"]
[Site "Warszawa"]
[Date "2013.02.21"]
[Round "7"]
[White "Rozycki, Bartlomiej"]
[Black "Bernacki, Gabriel"]
[Result "1-0"]
[WhiteElo "2011"]
[BlackElo "1896"]
[PlyCount "69"]
[EventDate "2013.01.09"]
[EventType "tourn"]
[EventRounds "1"]
[EventCountry "POL"]
[SourceDate "2013.01.07"]

1. e4 c6 2. d4 d5 3. Nc3 dxe4 4. Nxe4 Nd7 5. Bc4 Ngf6 6. Ng5 e6 7. Qe2 Nb6 8.
Bd3 c5 9. dxc5 Bxc5 10. N1f3 h6 11. Ne4 Nxe4 12. Qxe4 Qd5 13. Qg4 Kf8 14. O-O
Bd7 15. Re1 Bc6 16. Bd2 h5 17. Qh3 Nd7 18. Bc3 Nf6 19. Re5 Qd6 20. Rg5 Rd8 21.
Be5 Qe7 22. Bxf6 gxf6 23. Rxh5 Rg8 24. Rh8 Bxf2+ 25. Kxf2 Qc5+ 26. Kf1 Ke7 27.
Rxg8 Rxg8 28. Re1 Qd5 29. b3 Kf8 30. Be4 Qc5 31. Bxc6 bxc6 32. Qh6+ Ke7 33. Qe3
Qxc2 34. Qxa7+ Kf8 35. Qf2 1-0

[Event "117th YMCA Winter-B"]
[Site "Warszawa"]
[Date "2013.02.21"]
[Round "7"]
[White "Sujkowski, Pawel"]
[Black "Melchers, Damian"]
[Result "1/2-1/2"]
[WhiteElo "2014"]
[BlackElo "1963"]
[Annotator "Admin"]
[PlyCount "37"]
[EventDate "2013.01.09"]
[EventType "tourn"]
[EventRounds "1"]
[EventCountry "POL"]
[SourceDate "2013.01.07"]

1. e4 e5 2. Nf3 Nf6 3. Nc3 Nc6 4. d4 exd4 5. Nxd4 Bc5 6. Be3 Nxd4 7. Bxd4 Qe7
8. Be2 Bxd4 9. Qxd4 d6 10. O-O O-O 11. Rfe1 Qe5 12. Qc4 c6 13. Rad1 Rd8 14. Bf3
Bg4 15. Qd3 Bxf3 16. Qxf3 Re8 17. Qg3 Rad8 18. Qxe5 dxe5 19. f3 $11 1/2-1/2

[Event "117th YMCA Winter-B"]
[Site "Warszawa"]
[Date "2013.02.20"]
[Round "7"]
[White "Rozowski, Marcin"]
[Black "Szwaj, Jacek"]
[Result "1/2-1/2"]
[WhiteElo "1905"]
[BlackElo "1915"]
[Annotator "Admin"]
[PlyCount "75"]
[EventDate "2013.01.09"]
[EventType "tourn"]
[EventRounds "1"]
[EventCountry "POL"]
[SourceDate "2013.01.07"]

1. e4 c5 2. Nf3 d6 3. d4 cxd4 4. Nxd4 Nf6 5. Nc3 a6 6. Be2 e5 7. Nb3 Be7 8. Bg5
Nbd7 9. a4 O-O 10. O-O Qc7 11. a5 b5 12. axb6 Qxb6 13. Qd2 Bb7 14. Bf3 Rfc8 15.
Rfd1 h6 16. Be3 Qc7 17. Na5 Nb6 18. Bxb6 Qxb6 19. b3 Qc7 20. Nc4 Rd8 21. Qe3
Rac8 22. Rd3 Nd7 23. Bg4 Rb8 24. Bxd7 Rxd7 25. Rad1 Bc6 26. Nd5 Bxd5 27. Rxd5
Rb5 28. Qd2 Rd8 29. Ne3 Bg5 30. Rxd6 Rc8 31. Rd7 Qc5 32. Rd5 Qc7 33. Rxb5 axb5
34. Qd3 Bxe3 35. fxe3 Qxc2 36. Qxc2 Rxc2 37. Rd5 Rc3 38. Rxb5 $11 1/2-1/2

[Event "117th YMCA Winter-B"]
[Site "Warszawa"]
[Date "2013.02.27"]
[Round "8"]
[White "Mokrzanowski, Andrzej"]
[Black "Szwaj, Jacek"]
[Result "0-1"]
[WhiteElo "1957"]
[BlackElo "1915"]
[PlyCount "70"]
[EventDate "2013.01.09"]
[EventType "tourn"]
[EventRounds "1"]
[EventCountry "POL"]
[SourceDate "2013.01.07"]

1. c4 Nf6 2. Nc3 e6 3. e4 d5 4. e5 Nfd7 5. Nf3 d4 6. Nxd4 Nxe5 7. Nc2 c5 8. d4
cxd4 9. Qxd4 Qxd4 10. Nxd4 Bd7 11. Be2 Bc5 12. Nc2 Nbc6 13. O-O O-O 14. Ne4 Nd4
15. Nxd4 Bxd4 16. Rd1 Nc6 17. Nd6 Rab8 18. Nb5 e5 19. Bf3 Rfd8 20. Be4 Be6 21.
Nxd4 Nxd4 22. Bd3 e4 23. Bf1 Nc2 24. Bf4 Nxa1 25. Rxa1 Rbc8 26. b3 Bg4 27. Re1
f5 28. h3 Rd1 29. Re3 Bh5 30. f3 exf3 31. gxf3 Re8 32. Be5 f4 33. Re4 g5 34.
Kf2 Bg6 35. Rd4 Rxf1+ 0-1

[Event "117th YMCA Winter-B"]
[Site "Warszawa"]
[Date "2013.02.27"]
[Round "8"]
[White "Melchers, Damian"]
[Black "Rozowski, Marcin"]
[Result "1-0"]
[WhiteElo "1963"]
[BlackElo "1905"]
[PlyCount "75"]
[EventDate "2013.01.09"]
[EventType "tourn"]
[EventRounds "1"]
[EventCountry "POL"]
[SourceDate "2013.01.07"]

1. Nf3 d5 2. g3 Nf6 3. Bg2 c6 4. O-O Bf5 5. d3 e6 6. Nbd2 Be7 7. Re1 O-O 8. c3
Nbd7 9. e4 dxe4 10. dxe4 Bg4 11. e5 Nd5 12. h3 Bh5 13. Qe2 Qc7 14. Nf1 a5 15.
c4 Nb4 16. a3 Na6 17. Bf4 Nac5 18. Rad1 Rfd8 19. N1h2 Nf8 20. b4 Nb3 21. Qe3 a4
22. Ng4 Bxg4 23. hxg4 Rxd1 24. Rxd1 Rd8 25. Rxd8 Qxd8 26. Qa7 b5 27. cxb5 cxb5
28. Qb7 Qd1+ 29. Kh2 Ng6 30. Qxb5 Nd4 31. Qe8+ Bf8 32. Ng5 Qxg4 33. Qxf7+ Kh8
34. Be3 Qh5+ 35. Bh3 h6 36. g4 Qh4 37. Qxg6 hxg5 38. Bxd4 1-0

[Event "117th YMCA Winter-B"]
[Site "Warszawa"]
[Date "2013.02.28"]
[Round "8"]
[White "Bernacki, Gabriel"]
[Black "Sujkowski, Pawel"]
[Result "1/2-1/2"]
[WhiteElo "1896"]
[BlackElo "2014"]
[Annotator "Admin"]
[PlyCount "88"]
[EventDate "2013.01.09"]
[EventType "tourn"]
[EventRounds "1"]
[EventCountry "POL"]
[SourceDate "2013.01.07"]

1. d4 Nf6 2. c4 e6 3. Nc3 Bb4 4. e3 Bxc3+ 5. bxc3 d6 6. Nf3 c5 7. Bd3 Nc6 8.
O-O e5 9. d5 Ne7 10. Nd2 O-O 11. a4 Re8 12. Re1 a5 13. Rb1 Rb8 14. Rb2 Bd7 15.
f4 exf4 16. exf4 Bf5 17. Ne4 Nxe4 18. Bxe4 Qd7 19. Bf3 Ng6 20. Rxe8+ Rxe8 21.
Rb5 Qc7 22. Kf2 b6 23. g3 Ne7 24. g4 Bd7 25. Rb2 Nc8 26. Kg3 Qd8 27. Rf2 f5 28.
h3 Re7 29. Bd2 Qe8 30. Qc2 g6 31. Bd1 Re4 32. Rg2 Kh8 33. Qd3 Qf7 34. Bc2 Re7
35. Qf1 Qf6 36. Rf2 Rg7 37. Qb1 h5 38. g5 $11 Qf8 39. Re2 Re7 40. Qe1 Qe8 41.
Rxe7 Qxe7 42. Qxe7 Nxe7 43. Kf3 Nc8 44. Bb3 Kg7 $11 1/2-1/2

[Event "117th YMCA Winter-B"]
[Site "Warszawa"]
[Date "2013.02.28"]
[Round "8"]
[White "Zurkowski, Andrzej"]
[Black "Rozycki, Bartlomiej"]
[Result "1/2-1/2"]
[WhiteElo "2005"]
[BlackElo "2011"]
[Annotator "Admin"]
[PlyCount "26"]
[EventDate "2013.01.09"]
[EventType "tourn"]
[EventRounds "1"]
[EventCountry "POL"]
[SourceDate "2013.01.07"]

1. d4 d5 2. Nf3 e6 3. g3 Nf6 4. Bg2 c5 5. O-O Nc6 6. c3 cxd4 7. Nxd4 Bc5 8. Nb3
Be7 9. N1d2 b6 10. e4 dxe4 11. Nxe4 Qxd1 12. Rxd1 Nxe4 13. Bxe4 Bb7 $11 1/2-1/2

[Event "117th YMCA Winter-B"]
[Site "Warszawa"]
[Date "2013.02.27"]
[Round "8"]
[White "Gluszko, Monika"]
[Black "Kadzinski, Wieslaw"]
[Result "1-0"]
[WhiteElo "1942"]
[BlackElo "1972"]
[PlyCount "49"]
[EventDate "2013.01.09"]
[EventType "tourn"]
[EventRounds "1"]
[EventCountry "POL"]
[SourceDate "2013.01.07"]

1. e4 e5 2. Nf3 Nc6 3. Bc4 Nf6 4. Ng5 d5 5. exd5 Na5 6. Bb5+ c6 7. dxc6 bxc6 8.
Be2 h6 9. Nh3 Bc5 10. d3 O-O 11. O-O Nd5 12. Bf3 Qh4 13. Qe1 Bxh3 14. gxh3 Nb7
15. Qxe5 Rae8 16. Qg3 Qf6 17. Nc3 Nxc3 18. bxc3 Qxc3 19. Bxh6 Re6 20. Bg5 Rg6
21. Bh5 Bxf2+ 22. Kxf2 Qc5+ 23. d4 Qxg5 24. Bxg6 fxg6+ 25. Kg1 1-0

[Event "117th YMCA Winter-B"]
[Site "Warszawa"]
[Date "2013.02.28"]
[Round "8"]
[White "Rusin, Ryszard"]
[Black "Barc, Michal"]
[Result "1-0"]
[WhiteElo "1892"]
[BlackElo "1870"]
[PlyCount "57"]
[EventDate "2013.01.09"]
[EventType "tourn"]
[EventRounds "1"]
[EventCountry "POL"]
[SourceDate "2013.01.07"]

1. d4 d5 2. c4 e5 3. dxe5 d4 4. Nf3 Nc6 5. g3 Nge7 6. Bg2 Ng6 7. O-O Bg4 8.
Nbd2 Qd7 9. Re1 Be7 10. a3 O-O-O 11. b4 Ncxe5 12. Bb2 Bxf3 13. Bxf3 Nxf3+ 14.
Nxf3 Bf6 15. Qb3 h5 16. h4 Qh3 17. Qd3 Rhe8 18. Rad1 Re3 19. fxe3 Qxg3+ 20. Kh1
Qh3+ 21. Kg1 dxe3 22. Qxe3 Qg3+ 23. Kf1 Qh3+ 24. Kf2 Nxh4 25. Rxd8+ Bxd8 26.
Rg1 Nxf3 27. Qxf3 Qh2+ 28. Rg2 Qh1 29. Be5 1-0

[Event "117th YMCA Winter-B"]
[Site "Warszawa"]
[Date "2013.03.06"]
[Round "9"]
[White "Kadzinski, Wieslaw"]
[Black "Rusin, Ryszard"]
[Result "1-0"]
[WhiteElo "1972"]
[BlackElo "1892"]
[PlyCount "39"]
[EventDate "2013.01.09"]
[EventType "tourn"]
[EventRounds "1"]
[EventCountry "POL"]
[SourceDate "2013.01.07"]

1. e4 e5 2. Nf3 Nf6 3. d4 Nxe4 4. Bd3 d5 5. Nxe5 Be6 6. O-O Nd7 7. f3 Nxe5 8.
fxe4 Ng4 9. Nc3 dxe4 10. Bxe4 Bd6 11. Bf4 Bxf4 12. Rxf4 Qh4 13. h3 h5 14. Qd3
Qg5 15. Raf1 O-O-O 16. Qf3 c6 17. Bxc6 bxc6 18. Qxc6+ Kb8 19. d5 Bxd5 20. Rb4#
1-0

[Event "117th YMCA Winter-B"]
[Site "Warszawa"]
[Date "2013.03.07"]
[Round "9"]
[White "Rozycki, Bartlomiej"]
[Black "Gluszko, Monika"]
[Result "1-0"]
[WhiteElo "2011"]
[BlackElo "1942"]
[PlyCount "59"]
[EventDate "2013.01.09"]
[EventType "tourn"]
[EventRounds "1"]
[EventCountry "POL"]
[SourceDate "2013.01.07"]

1. e4 g6 2. d4 Bg7 3. Nf3 c5 4. dxc5 Qa5+ 5. c3 Qxc5 6. Na3 d6 7. Qc2 Nf6 8.
Nb5 Qb6 9. Be3 Qa5 10. b4 Qd8 11. Nxa7 Nxe4 12. Bb5+ Bd7 13. Qxe4 Bxc3+ 14. Ke2
Bxa1 15. Qxb7 Bxb5+ 16. Qxb5+ Qd7 17. Qxd7+ Nxd7 18. Rxa1 O-O 19. Nc6 e6 20. a4
Nb8 21. Nfd4 e5 22. Nxb8 exd4 23. Nd7 dxe3 24. Nxf8 Kxf8 25. Kxe3 Ke7 26. Kd4
Kd7 27. b5 Rc8 28. a5 Rc2 29. a6 Rc8 30. b6 1-0

[Event "117th YMCA Winter-B"]
[Site "Warszawa"]
[Date "2013.03.07"]
[Round "9"]
[White "Sujkowski, Pawel"]
[Black "Zurkowski, Andrzej"]
[Result "1/2-1/2"]
[WhiteElo "2014"]
[BlackElo "2005"]
[Annotator "Admin"]
[PlyCount "53"]
[EventDate "2013.01.09"]
[EventType "tourn"]
[EventRounds "1"]
[EventCountry "POL"]
[SourceDate "2013.01.07"]

1. e4 d5 2. exd5 Nf6 3. c4 c6 4. Nc3 cxd5 5. cxd5 Nxd5 6. Bc4 Nb6 7. Bb3 Bf5 8.
d4 e6 9. Nf3 Be7 10. O-O O-O 11. Ne5 N8d7 12. Qf3 Nxe5 13. dxe5 Nd7 14. Rd1 Qc7
15. Bf4 Nc5 16. Nb5 Qb6 17. Nd6 Bxd6 18. Rxd6 Qb5 19. h3 a5 20. Rd2 Rad8 21.
Rad1 Rxd2 22. Rxd2 Nd3 23. Qe2 Qb4 24. Bg3 a4 25. Bc2 Nc1 26. Qd1 Bxc2 27. Qxc1
$11 1/2-1/2

[Event "117th YMCA Winter-B"]
[Site "Warszawa"]
[Date "2013.03.18"]
[Round "9"]
[White "Rozowski, Marcin"]
[Black "Bernacki, Gabriel"]
[Result "0-1"]
[WhiteElo "1905"]
[BlackElo "1896"]
[PlyCount "80"]
[EventDate "2013.01.09"]
[EventType "tourn"]
[EventRounds "1"]
[EventCountry "POL"]
[SourceDate "2013.01.07"]

1. e4 c5 2. Nf3 Nc6 3. d4 cxd4 4. Nxd4 e5 5. Nb5 d6 6. N1c3 a6 7. Na3 Be6 8.
Nc4 b5 9. Ne3 Nf6 10. Bd3 Be7 11. a4 b4 12. Ncd5 O-O 13. O-O Qb8 14. a5 Bd8 15.
Bd2 Re8 16. Ra4 Bxd5 17. Nxd5 Nxd5 18. exd5 Nxa5 19. Bxb4 Nb7 20. Rxa6 e4 21.
Rxa8 Qxa8 22. Bb5 Re5 23. Bc6 Qc8 24. Re1 Bb6 25. Bc3 e3 26. fxe3 Rxe3 27. Kh1
Nd8 28. Rxe3 Bxe3 29. Qe2 Nxc6 30. Qxe3 Nb8 31. Qg3 Qf8 32. Bb4 Na6 33. Qxd6
Nxb4 34. Qd7 Qa8 35. h3 Nxd5 36. Qf5 Ne3 37. Qf2 Qa1+ 38. Kh2 Qa7 39. Qe2 g6
40. b4 Qc7+ 0-1

[Event "117th YMCA Winter-B"]
[Site "Warszawa"]
[Date "2013.03.04"]
[Round "9"]
[White "Szwaj, Jacek"]
[Black "Melchers, Damian"]
[Result "1/2-1/2"]
[WhiteElo "1915"]
[BlackElo "1963"]
[Annotator "Admin"]
[PlyCount "25"]
[EventDate "2013.01.09"]
[EventType "tourn"]
[EventRounds "1"]
[EventCountry "POL"]
[SourceDate "2013.01.07"]

1. e4 e5 2. Nf3 Nc6 3. Bb5 Nf6 4. O-O Nxe4 5. d4 Nd6 6. Bxc6 dxc6 7. dxe5 Nf5
8. Qxd8+ Kxd8 9. Bg5+ Be7 10. Bxe7+ Kxe7 11. Nc3 Rd8 12. Rad1 Be6 13. b3 $11
1/2-1/2

[Event "117th YMCA Winter-B"]
[Site "Warszawa"]
[Date "2013.03.13"]
[Round "10"]
[White "Mokrzanowski, Andrzej"]
[Black "Melchers, Damian"]
[Result "1/2-1/2"]
[WhiteElo "1957"]
[BlackElo "1963"]
[PlyCount "65"]
[EventDate "2013.01.09"]
[EventType "tourn"]
[EventRounds "1"]
[EventCountry "POL"]
[SourceDate "2013.01.07"]

1. c4 e5 2. Nc3 f5 3. g3 Nf6 4. Bg2 Nc6 5. d3 Bc5 6. e3 O-O 7. Nge2 d6 8. O-O
Ne7 9. Qb3 Kh8 10. d4 Bb6 11. Qa3 c6 12. d5 c5 13. e4 fxe4 14. Bg5 Bg4 15. Rae1
Qd7 16. Nxe4 Nxe4 17. Bxe4 Bh3 18. Bxe7 Qxe7 19. Bg2 Bg4 20. f3 Bf5 21. Nc3 Bd3
22. b3 Qg5 23. Rf2 a6 24. Ne4 Bxe4 25. Rxe4 Rae8 26. Qb2 Ba5 27. a3 Re7 28.
Rfe2 Ref7 29. Rg4 Qf5 30. Rge4 Qg5 31. Rg4 Qf5 32. Rge4 Qg5 33. Rg4 1/2-1/2